000
00281nam a2200109Ia 4500
008
220204s9999 xx 000 0 und d
082
_a
539.6
_b
MIL
100
_a
Millwe, William H
245
0
_a
Dynamics of molecular collisions.Part B
260
_a
London
_b
Plenum
_c
1976
942
_c
BK
999
_c
27931
_d
27931